Europäische Geschichte nach Buchstaben - T - Statistiken

Allgemein
  • Dieses Quiz wurde 59 mal gespielt
  • Das Durchschnittsergebnis liegt bei 10 aus 20
Antwortstatistiken
Hinweis Antwort % Korrekt
Diese Stadt in Deutschland war Residenzstadt römischer Kaiser der Spätantike und Geburtsort von Karl Marx Trier
96%
Zwiebeln dieser Blume wurden in den 1630er-Jahren in den Niederlanden zu abenteuerlich hohen Preisen gehandelt, bevor die Blase platzte Tulpen
94%
Konservative Premierministerin Großbritanniens von 1979-1990, die den Sozialstaat und Gewerkschaften bekämpfte Margaret Thatcher
88%
Dieser Diktator herrschte von 1945 bis 1980 über Jugoslawien und initiierte die Bewegung der Blockfreien Staaten Josip Broz Tito
77%
Etwa 6 Meter langes Stoffstück, welches in der römischen Antike als Obergewand getragen wurde Toga
75%
Staat der von 1918-1992 in Mitteleuropa existierte und nach Ende des Ostblocks friedlich in zwei Nachfolgestaaten geteilt wurde Tschechoslowakei
75%
Diesem englischen Königshaus gehörten u.a. die König Heinrich VIII und Königin Elisabeth I an Tudor
65%
Ehemalige Hauptstadt des Herzogtums Savoyen, des Königreiches Sardinien-Piemont und von 1861-1865 erste Hauptstadt Italiens Turin
65%
Germanisches Volk, welches mit den Kimbern 120 v.Chr. seine Jütländische Heimat verließ, durch Deutschland, Frankreich, Spanien und Italien zog, bevor es von den Römern besiegt wurde Teutonen
56%
Diese Stadt war im Mittelalter die zweitgrößte Stadt des Byzantinischen Reiches und eine der größten Europas und in der Moderne Geburtsstadt von Mustafa Kemal Atatürk Thessaloniki
40%
Diese Stadt war Hauptstadt des Westgotenreichs, Kastiliens und bis 1561 von Spanien, sowie ein wichtiger Ort des Muslimisch-Jüdisch-Christlichen Austauschs im Mittelalter Toledo
40%
Kreuzfahrerorden, der auf Betreiben des französischen Königs Phillips IV 1312 unter dem Vorwurf Ketzerei aufgelöst wurde Templerorden
38%
Antike griechische Stadt in Böotien, die in der Bronzezeit entstand und der Sage nach auch von König Ödipus regiert wurde Theben
31%
Bezeichnung für die altnordischen und germanischen Volksversammlungen zur politischen Meinungsfindung und als Gericht Thing
31%
Unter diesem Kaiser erreichte das römische Reich seine größte territoriale Ausdehnung Trajan
29%
Antiker römischer Geschichtsschreiber, der die Historien, Analen und die Germania verfasste Tacitus
23%
Bedeutendster Philosoph der mittelalterlichen Scholastik, verfasste die Summa theologica, als Heiliger und kanonischer Standard der katholischen Theologie verehrt Thomas von Aquin
21%
Wettbewerb des ritterlichen Tuniers, bei der zwei Reiter gegenseitig versuchen, den anderen mit der Lanze zu treffen Tjost
19%
An diesem Ort in Ostpreußen schlug 1410 ein Polnisch-Litauisches Heer entscheidend das Heer des Deutschen Ordens und 1914 schlug ein Deutsches Heer die russische 2. Armee Tannenberg
17%
Hochmittelalterliche Dichtung in okzitanischer Sprache (u.a. von Wilhelm IX von Aquitanien und Raimon de Cornet) Troubadour
2%
Keine übereinstimmenden Quizze gefunden
Verteilung der Resultate
Anzahl Personen mit jedem Resultat
Perzentil nach korrekt beantworteten Fragen
Ihre Resultats-Entwicklung
Sie haben dieses Quiz noch nicht gespielt